[Event "CZE-ch Open 2019"]
[Site "Ostrava"]
[Date "2019.05.05"]
[Round "9.1"]
[White "Kraus, Tomas"]
[Black "Navara, David"]
[Result "0-1"]
[WhiteElo "2456"]
[BlackElo "2733"]
[Annotator "TA"]
[PlyCount "122"]
[EventDate "2019.04.27"]
[EventType "swiss"]
[EventCountry "CZE"]
[SourceTitle "playchess.com"]
[Source "ChessBase"]
[SourceQuality "1"]

{[%evp 13,122,19,8,16,24,15,12,12,26,22,24,23,25,16,14,17,15,9,45,51,52,31,36,35,30,0,0,0,0,0,0,0,0,0,0,0,0,-18,-16,-8,-2,-62,-22,-23,-20,-29,0,-38,-14,-28,-12,-8,0,0,0,-15,-8,-8,-11,-70,-35,-31,-13,-4,-4,-29,-29,-44,-44,-44,-44,-45,-47,-168,-158,-1485,-1036,-1502,-1461,-1556,-1342,-1595,-1196,-1554,-1499,-29966,-29967,-29965,-1658,-29968,-29969,-29967,-29970,-29968,-29970,-29966,-29967,-29961,-29961,-29974,-29975,-29975,-29977,-29976,-29977,-29979,-29980,-29980,-29981,-29981,-29982]} 1. e4 c5 2. Nf3 d6 3. Bb5+ Nd7 4. d4 cxd4 5. Qxd4 a6 6. Bxd7+ Bxd7 7. Nc3 e5 8. Qd3 {B51: Sicilian: Moscow Variation (3 Bb5+) without 3...Bd7} Rc8 9. O-O Qc7 10. Rd1 {The position is equal.} h6 11. Nd2 Bg4 12. f3 Be6 13. Nf1 Nf6 14. Ne3 Be7 15. Bd2 {[#]} Bc4 $146 ({Predecessor:} 15... O-O) 16. Nxc4 Qxc4 17. Rac1 O-O 18. Be3 b5 19. Nd5 (19. a3 {with more complications.} Rb8 20. Qd2 Rfc8 21. Nd5 Nxd5 22. Qxd5 Qxd5 23. Rxd5 b4 24. axb4 Rxb4 25. b3) 19... Nxd5 20. Qxd5 Qxd5 21. Rxd5 f5 22. exf5 Rxf5 23. c3 Kf7 24. Rcd1 (24. a4 $5) 24... Ke6 25. Kf2 g5 26. h3 h5 27. Ke2 ({Better is} 27. a4 $11) 27... Rc4 (27... g4 $5 28. hxg4 hxg4 29. fxg4 Rf7 $15) 28. R5d3 Rf8 29. a3 a5 30. Bb6 Ra8 31. Rd5 Rc6 32. Be3 Rb8 33. R1d3 Rc4 34. Bd2 g4 35. hxg4 hxg4 36. Be1 (36. f4 $11) 36... gxf3+ 37. gxf3 Rc5 38. Rxc5 dxc5 $11 {[%mdl 4096] Endgame KRB-KRB} 39. Bg3 Rg8 40. Kf2 c4 41. Rd1 Bc5+ 42. Kg2 Be3 {And now ...Bf4 would win.} 43. Kh2 (43. Kh3 $15 Bf4 44. Bxf4 exf4 45. Kh2) 43... Kf5 $1 $19 44. Rd5 $2 {[#]} (44. Kh3 $17) 44... Bf4 $1 {[%cal Rf4g3]} 45. Bxf4 Kxf4 46. Rxb5 {KR-KR} a4 47. Rc5 Rb8 48. Rxc4+ Kxf3 49. Rxa4 Rxb2+ 50. Kg1 Rb1+ 51. Kh2 e4 {Black mates.} 52. Ra8 e3 53. Rf8+ Ke4 54. Re8+ {[#]} Kd3 $1 55. Rd8+ Kxc3 56. Rc8+ Kd2 57. Rd8+ Ke1 58. Kg2 e2 59. Re8 Kd2 60. Rd8+ Kc3 61. Rc8+ Kd4 {Accuracy: White = 49%, Black = 72%.} 0-1

[Event "CZE-ch Open 2019"]
[Site "Ostrava"]
[Date "2019.05.05"]
[Round "9.3"]
[White "Hausner, Ivan"]
[Black "Plat, Vojtech"]
[Result "1/2-1/2"]
[WhiteElo "2349"]
[BlackElo "2535"]
[Annotator "RC"]
[PlyCount "68"]
[EventDate "2019.04.27"]
[EventType "swiss"]
[EventCountry "CZE"]
[SourceTitle "playchess.com"]
[Source "ChessBase"]
[SourceQuality "1"]
[TimeControl "40/5400+30:1800+30"]

1. d4 {[%emt 0:00:19]} Nf6 {[%emt 0:00:00]} 2. c4 {[%emt 0:00:06]} g6 {[%emt 0:00:00]} 3. Nc3 {[%emt 0:00:07]} d5 {[%emt 0:00:00]} 4. cxd5 {[%emt 0:00:13]} Nxd5 {[%emt 0:00:00]} 5. g3 {[%emt 0:00:03]} Bg7 {[%emt 0:00:01]} 6. Bg2 {[%emt 0:00:04]} Nb6 {[%emt 0:00:04]} 7. Nf3 {[%emt 0:00:10]} Nc6 {[%emt 0:00:07]} 8. Bf4 {[%emt 0:00:55]} O-O {[%emt 0:02:33]} 9. O-O {[%emt 0:00:06]} Be6 {[%emt 0:02:21]} 10. Rc1 {[%emt 0:07:11]} Bc4 {[%emt 0:05:22]} 11. b3 {[%emt 0:03:54]} Ba6 {[%emt 0:00:09]} 12. Ne4 {[%emt 0:00:23]} e5 {[%emt 0:06:47]} 13. Bxe5 {[%emt 0:03:48]} Bxe5 {[%emt 0:00:54]} 14. dxe5 {[%emt 0:00:29]} Qxd1 {[%emt 0:00:03]} 15. Rfxd1 {[%emt 0:00:07]} Bxe2 {[%emt 0:00:01]} 16. Re1 {[%emt 0:04:32]} Bxf3 {[%emt 0:00:32]} 17. Bxf3 {[%emt 0:01:09]} Nxe5 {[%emt 0:00:07]} 18. Nf6+ {[%emt 0:00:06]} Kg7 {[%emt 0:00:01]} 19. Nh5+ {[%emt 0:00:11]} gxh5 {[%emt 0:00:03]} 20. Rxe5 {[%emt 0:00:07]} c6 {[%emt 0:00:02]} 21. Bxh5 {[%emt 0:05:21]} Rfe8 {[%emt 0:00:59]} 22. Rg5+ {[%emt 0:00:43]} Kf6 {[%emt 0:00:28]} 23. Rg4 {[%emt 0:00:35]} Nd5 {[%emt 0:01:19]} 24. Rh4 {[%emt 0:00:40]} Kg7 {[%emt 0:00:30]} 25. Rg4+ {[%emt 0:01:40]} Kf8 {[%emt 0:01:04]} 26. Rh4 {[%emt 0:00:08]} Nf6 {[%emt 0:02:42]} 27. Bf3 {[%emt 0:00:30]} Rad8 {[%emt 0:00:48]} 28. Rc2 {[%emt 0:00:18]} Re5 {[%emt 0:00:18]} 29. Rb4 {[%emt 0:01:05]} Rd7 {[%emt 0:00:18]} 30. Kg2 {[%emt 0:00:06]} Ke7 {[%emt 0:00:59]} 31. Kf1 {[%emt 0:01:04]} Rc7 {[%emt 0:01:57]} 32. Re2 {[%emt 0:01:26]} Rxe2 {[%emt 0:00:05]} 33. Kxe2 {[%emt 0:00:06]} b6 {[%emt 0:00:14]} 34. Rh4 {[%emt 0:03:55]} Kf8 {[%emt 0:01:30]} 1/2-1/2

[Event "CZE-ch Open 2019"]
[Site "Ostrava"]
[Date "2019.05.05"]
[Round "9.4"]
[White "Mrazek, Lumir"]
[Black "Simacek, Pavel"]
[Result "0-1"]
[WhiteElo "2364"]
[BlackElo "2471"]
[Annotator "RC"]
[PlyCount "80"]
[EventDate "2019.04.27"]
[EventType "swiss"]
[EventCountry "CZE"]
[SourceTitle "playchess.com"]
[Source "ChessBase"]
[SourceQuality "1"]
[TimeControl "40/5400+30:1800+30"]

1. e4 {[%emt 0:00:00]} c5 {[%emt 0:00:00]} 2. Nc3 {[%emt 0:02:15]} Nc6 {[%emt 0:00:29]} 3. f4 {[%emt 0:01:37]} e6 {[%emt 0:00:48]} 4. Nf3 {[%emt 0:00:16]} d5 {[%emt 0:00:29]} 5. Bb5 {[%emt 0:00:25]} Nge7 {[%emt 0:00:53]} 6. exd5 {[%emt 0:03:38]} exd5 {[%emt 0:00:32]} 7. Qe2 {[%emt 0:01:32]} a6 {[%emt 0:01:07]} 8. Bxc6+ {[%emt 0:03:22]} bxc6 {[%emt 0:00:03]} 9. Ne5 {[%emt 0:04:54]} Qd6 {[%emt 0:02:58]} 10. b3 {[%emt 0:04:54]} f6 {[%emt 0:04:13]} 11. Nd3 {[%emt 0:05:33]} c4 {[%emt 0:01:40]} 12. bxc4 {[%emt 0:00:20]} dxc4 {[%emt 0:00:35]} 13. Nb2 {[%emt 0:06:02]} Qxf4 {[%emt 0:06:02]} 14. Nxc4 {[%emt 0:14:30]} Bg4 {[%emt 0:02:22]} 15. Rf1 {[%emt 0:01:49]} Qd4 {[%emt 0:02:15]} 16. Qe4 {[%emt 0:00:53]} Qxe4+ {[%emt 0:02:34]} 17. Nxe4 {[%emt 0:00:06]} Nd5 {[%emt 0:00:17]} 18. Rb1 {[%emt 0:03:54]} O-O-O {[%emt 0:09:29]} 19. Nb6+ {[%emt 0:08:01]} Kc7 {[%emt 0:01:18]} 20. Nxd5+ {[%emt 0:04:12]} cxd5 {[%emt 0:00:19]} 21. Rf4 {[%emt 0:02:37]} h5 {[%emt 0:26:05]} 22. Ng3 {[%emt 0:05:39]} Bc5 {[%emt 0:10:55]} 23. d4 {[%emt 0:04:37]} Rde8+ {[%emt 0:04:55]} 24. Kf1 {[%emt 0:03:51]} Bd6 {[%emt 0:03:55]} 25. Rf2 {[%emt 0:00:02]} h4 {[%emt 0:00:39]} 26. Nf5 {[%emt 0:00:01]} Bxh2 {[%emt 0:01:15]} 27. Nxg7 {[%emt 0:01:01]} Re7 {[%emt 0:10:50]} 28. Nf5 {[%emt 0:01:23]} Re4 {[%emt 0:00:06]} 29. Ne3 {[%emt 0:00:40]} Rhe8 {[%emt 0:04:57]} 30. Rxf6 {[%emt 0:07:41]} Rxe3 {[%emt 0:00:29]} 31. Bxe3 {[%emt 0:00:05]} Rxe3 {[%emt 0:00:44]} 32. Rxa6 {[%emt 0:02:21]} Bg3 {[%emt 0:00:12]} 33. Ra7+ {[%emt 0:00:55]} Kc8 {[%emt 0:00:16]} 34. Rg7 {[%emt 0:03:24]} Be2+ {[%emt 0:00:53]} 35. Kg1 {[%emt 0:00:02]} Bc4 {[%emt 0:00:10]} 36. a4 {[%emt 0:00:54]} Ra3 {[%emt 0:00:11]} 37. Ra7 {[%emt 0:00:13]} Ra2 {[%emt 0:01:31]} 38. c3 {[%emt 0:01:34]} Bd3 {[%emt 0:00:31]} 39. Rd1 {[%emt 0:00:47]} Be4 {[%emt 0:00:18]} 40. Ra8+ {[%emt 0:02:58]} Kb7 {[%emt 0:00:16]} 0-1

[Event "CZE-ch Open 2019"]
[Site "Ostrava"]
[Date "2019.05.05"]
[Round "9.5"]
[White "Kociscak, Jiri"]
[Black "Krejci, Jan"]
[Result "0-1"]
[WhiteElo "2496"]
[BlackElo "2588"]
[Annotator "TA"]
[PlyCount "48"]
[EventDate "2019.04.27"]
[EventType "swiss"]
[EventCountry "CZE"]
[SourceTitle "playchess.com"]
[Source "ChessBase"]
[SourceQuality "1"]

{[%evp 10,74,36,0,0,0,0,16,37,38,42,35,24,-39,-52,-41,-46,-62,-66,-114,-30,-49,-54,-77,-65,-115,-68,-134,-132,-160,-93,-165,-172,-217,-238,-243,-230,-402,-368,-371,-290,-233,-208,-307,-308,-424,-276,-326,-316,-390,-391,-390,-380,-426,-414,-411,-414,-539,-517,-640,-656,-641,-625,-586,-544,-1556,-1390]} 1. d4 d5 2. c4 e6 3. Nf3 Nf6 4. g3 dxc4 5. Bg2 a6 6. Ne5 Bb4+ {E04: Open Catalan: 5 Nf3} (6... c5 7. Be3 Nd5 8. Nc3 Nxe3 9. fxe3 Nd7 10. Nxc4 Be7 11. dxc5 Bxc5 12. Nd6+ Bxd6 13. Qxd6 Qe7 14. Qd4 Nf6 15. O-O O-O {½-½ (64) Onischuk,A (2681)-Bruzon Batista,L (2673) Saint Louis 2018}) 7. Nc3 {Qa4+ is the strong threat.} Nd5 8. Bd2 Bxc3 {The position is equal.} 9. bxc3 b5 10. a4 Bb7 11. O-O (11. e4 $11 Nf6 12. Qb1) 11... Nd7 $1 $15 12. Nxd7 Qxd7 13. e4 Nb6 $146 {[%cal Rb6a4]} ({Predecessor:} 13... Ne7 14. Bc1 {0-1 (46) Mulyar,M (2397)-Hevia Alejano,C (2491) Forth Worth 2017}) 14. a5 Nc8 (14... Na4 $17 15. Qc1 c5) 15. Qg4 O-O 16. Rfe1 Ne7 17. h4 Rad8 18. h5 (18. Bh6 $15 Ng6 19. Bg5) 18... f5 $17 19. Qe2 {[#]} c5 $1 {[%mdl 512]} 20. h6 (20. Be3 $17) (20. dxc5 Qxd2) 20... cxd4 $19 21. cxd4 Bxe4 ({Weaker is} 21... Qxd4 22. Bb4 $16) 22. Bxe4 fxe4 23. Bb4 $2 (23. Qxe4 Rf6 24. hxg7) 23... Rf6 24. hxg7 Nc6 {Played: Ne7-f5} 0-1

[Event "CZE-ch Open 2019"]
[Site "Ostrava"]
[Date "2019.05.05"]
[Round "9.6"]
[White "Michalik, Peter"]
[Black "Kislinsky, Alexey"]
[Result "1-0"]
[WhiteElo "2577"]
[BlackElo "2429"]
[Annotator "TA"]
[PlyCount "49"]
[EventDate "2019.04.27"]
[EventType "swiss"]
[EventCountry "CZE"]
[SourceTitle "playchess.com"]
[Source "ChessBase"]
[SourceQuality "1"]

{[%evp 9,58,38,72,62,83,77,81,69,74,66,133,91,89,68,100,77,61,39,34,34,41,18,27,22,29,11,12,14,74,74,66,70,128,32,65,56,62,63,174,164,262,111,124,121,265,274,592,588,574,558,493]} 1. e4 c5 2. Nf3 a6 3. c3 g6 (3... d5 4. exd5 Qxd5 5. d4 Bg4 6. dxc5 Qxc5 7. Be3 Qc7 8. Nbd2 Nf6 9. h3 Bh5 10. Qa4+ Nc6 11. Nd4 Rc8 12. Nxc6 Qxc6 13. Qxc6+ Rxc6 {½-½ (42) Anand,V (2782)-Artemiev,V (2691) Riadh 2017}) 4. Be2 Bg7 5. O-O d6 6. d4 {B28: Sicilian: 2 Nf3 a6 (O'Kelly Variation)} Nd7 7. Re1 Qc7 8. Nbd2 {[%cal Bb1d2,Bd2f1,Bf1e3,Be3d5][%mdl 32] White is better.} cxd4 $146 ({Predecessor:} 8... b6 9. Bf1 Bb7 10. h3 Rd8 11. a4 e6 12. Nc4 Ne7 13. Bg5 {1-0 (40) Nikolenko,O (2460)-Darius,H Czestochowa 1992}) 9. cxd4 ({Of course not} 9. Nxd4 $6 Ngf6 $11) 9... Nh6 (9... Ngf6 $14) 10. Nf1 O-O 11. Ne3 Qd8 12. Nd5 Nb6 13. Nc3 d5 $1 14. e5 Bg4 $1 15. h3 Bxf3 $1 16. Bxf3 e6 17. g3 f6 18. Bg2 fxe5 (18... Rc8 $11) 19. Bxh6 $1 $16 Bxh6 20. Rxe5 Qd7 {[#]} ({Better is} 20... Qd6 $14) 21. Qg4 (21. Qb3 $1 $16 {[%cal Rb3b6]} Qc6 22. Rae1) 21... Rf5 22. Rae1 $36 {[%cal Ba1e1,Be1e2,Be2e5][%mdl 2080] White has some pressure.} Bd2 23. R1e2 Bxc3 (23... Rxe5 $1 $14 24. Rxe5 Bxc3 25. bxc3 Re8) 24. Rxe6 $18 ({Don't take} 24. bxc3 $6 Re8 $14) 24... Ba5 {[#]} (24... Bxb2 $142 25. Rxb6 Bc3) 25. Re7 {Played: b2-b4} 1-0

[Event "CZE-ch Open 2019"]
[Site "Ostrava"]
[Date "2019.05.05"]
[Round "9.7"]
[White "Roubalik, Jakub"]
[Black "Stocek, Jiri"]
[Result "0-1"]
[WhiteElo "2417"]
[BlackElo "2563"]
[Annotator "ChessBase"]
[PlyCount "158"]
[EventDate "2019.04.27"]
[EventType "swiss"]
[EventCountry "CZE"]
[SourceTitle "playchess.com"]
[Source "ChessBase"]
[SourceQuality "1"]
[TimeControl "40/5400+30:1800+30"]

1. d4 {[%emt 0:00:00]} Nf6 {[%emt 0:07:19]} 2. c4 {[%emt 0:00:00]} e6 {[%emt 0:00:07]} 3. Nf3 {[%emt 0:00:00]} b6 {[%emt 0:00:27]} 4. a3 {[%emt 0:00:00]} Bb7 {[%emt 0:00:17]} 5. Nc3 {[%emt 0:00:02]} d5 {[%emt 0:01:31]} 6. cxd5 {[%emt 0:00:04]} Nxd5 {[%emt 0:00:08]} 7. e3 {[%emt 0:00:06]} Nd7 {[%emt 0:02:15]} 8. Bd3 {[%emt 0:04:07]} c5 {[%emt 0:03:04]} 9. Nxd5 {[%emt 0:23:38]} Bxd5 {[%emt 0:03:22]} 10. O-O {[%emt 0:12:27]} cxd4 {[%emt 0:03:20]} 11. Nxd4 {[%emt 0:10:27]} Bd6 {[%emt 0:04:59]} 12. e4 {[%emt 0:07:05]} Bb7 {[%emt 0:00:45]} 13. Bb5 {[%emt 0:02:18]} a6 {[%emt 0:08:35]} 14. e5 {[%emt 0:25:32]} Bc5 {[%emt 0:04:28]} 15. Bxd7+ {[%emt 0:00:18]} Qxd7 {[%emt 0:00:10]} 16. Nb3 {[%emt 0:00:26]} Be7 {[%emt 0:05:01]} 17. Qxd7+ {[%emt 0:01:01]} Kxd7 {[%emt 0:00:05]} 18. Be3 {[%emt 0:00:07]} Bd5 {[%emt 0:01:40]} 19. Rfd1 {[%emt 0:00:42]} Rhc8 {[%emt 0:04:37]} 20. Nd4 {[%emt 0:00:38]} g6 {[%emt 0:01:56]} 21. Rd2 {[%emt 0:01:21]} Kc7 {[%emt 0:01:55]} 22. Ne2 {[%emt 0:02:08]} Kb7 {[%emt 0:01:28]} 23. Nc3 {[%emt 0:00:35]} Bc6 {[%emt 0:00:11]} 24. f3 {[%emt 0:00:28]} Rc7 {[%emt 0:05:14]} 25. Rad1 {[%emt 0:00:50]} Rac8 {[%emt 0:00:33]} 26. Kf2 {[%emt 0:00:59]} a5 {[%emt 0:02:47]} 27. Rd4 {[%emt 0:00:54]} Bf8 {[%emt 0:05:16]} 28. R1d2 {[%emt 0:01:39]} Ka6 {[%emt 0:04:25]} 29. Ne4 {[%emt 0:05:34]} Bg7 {[%emt 0:03:25]} 30. Nd6 {[%emt 0:00:48]} Bxe5 {[%emt 0:09:06]} 31. Nxc8 {[%emt 0:00:05]} Bxd4 {[%emt 0:00:06]} 32. Bxd4 {[%emt 0:00:46]} Rxc8 {[%emt 0:00:05]} 33. Rc2 {[%emt 0:00:46]} Kb7 {[%emt 0:01:21]} 34. Bf6 {[%emt 0:00:16]} Re8 {[%emt 0:02:49]} 35. f4 {[%emt 0:00:39]} a4 {[%emt 0:03:39]} 36. Ke3 {[%emt 0:00:18]} Ra8 {[%emt 0:00:11]} 37. g3 {[%emt 0:00:43]} Ra5 {[%emt 0:00:21]} 38. Be5 {[%emt 0:00:32]} g5 {[%emt 0:01:48]} 39. Rd2 {[%emt 0:00:23]} gxf4+ {[%emt 0:00:25]} 40. gxf4 {[%emt 0:00:21]} Ra8 {[%emt 0:01:13]} 41. Bc3 {[%emt 0:07:54]} Rg8 {[%emt 0:03:21]} 42. Kd4 {[%emt 0:10:24]} Bd5 {[%emt 0:10:04]} 43. Ke5 {[%emt 0:04:17]} Kc6 {[%emt 0:00:21]} 44. Rf2 {[%emt 0:01:20]} Rg6 {[%emt 0:00:33]} 45. Kd4 {[%emt 0:01:22]} f6 {[%emt 0:05:15]} 46. Ke3 {[%emt 0:00:18]} Rh6 {[%emt 0:00:13]} 47. Kd2 {[%emt 0:01:01]} Kd6 {[%emt 0:01:33]} 48. Bb4+ {[%emt 0:00:15]} Kd7 {[%emt 0:00:09]} 49. Bc3 {[%emt 0:00:31]} Ke7 {[%emt 0:00:18]} 50. Bd4 {[%emt 0:00:34]} b5 {[%emt 0:00:09]} 51. Bc5+ {[%emt 0:01:50]} Kf7 {[%emt 0:00:10]} 52. Be3 {[%emt 0:00:10]} Rh3 {[%emt 0:01:08]} 53. Kd3 {[%emt 0:00:15]} Bf3 {[%emt 0:04:00]} 54. Kd4 {[%emt 0:02:34]} Kg6 {[%emt 0:00:40]} 55. Kc5 {[%emt 0:01:23]} Be4 {[%emt 0:03:23]} 56. Bd4 {[%emt 0:00:47]} Rh5+ {[%emt 0:00:47]} 57. Kb4 {[%emt 0:00:20]} Bd3 {[%emt 0:01:04]} 58. Kc3 {[%emt 0:00:45]} Bc4 {[%emt 0:00:26]} 59. Bb6 {[%emt 0:02:44]} Kf5 {[%emt 0:00:40]} 60. Bd4 {[%emt 0:01:10]} Rh3+ {[%emt 0:01:48]} 61. Kb4 {[%emt 0:00:49]} h5 {[%emt 0:01:02]} 62. Kc5 {[%emt 0:00:19]} h4 {[%emt 0:01:15]} 63. Bc3 {[%emt 0:00:12]} Rd3 {[%emt 0:00:53]} 64. Bd4 {[%emt 0:00:11]} h3 {[%emt 0:00:48]} 65. Bc3 {[%emt 0:00:06]} Re3 {[%emt 0:03:39]} 66. Kd6 {[%emt 0:00:43]} Kg6 {[%emt 0:04:36]} 67. Ke7 {[%emt 0:00:31]} f5 {[%emt 0:00:29]} 68. Rd2 {[%emt 0:01:26]} Kh5 {[%emt 0:00:15]} 69. Rf2 {[%emt 0:00:35]} Kg4 {[%emt 0:00:08]} 70. Kf6 {[%emt 0:00:27]} Rf3 {[%emt 0:02:42]} 71. Rxf3 {[%emt 0:00:36]} Kxf3 {[%emt 0:00:04]} 72. Be1 {[%emt 0:00:06]} Kxf4 {[%emt 0:00:05]} 73. Bg3+ {[%emt 0:00:14]} Ke4 {[%emt 0:00:07]} 74. Bc7 {[%emt 0:00:37]} f4 {[%emt 0:00:09]} 75. Kg5 {[%emt 0:00:07]} e5 {[%emt 0:00:07]} 76. Bb8 {[%emt 0:00:44]} f3 {[%emt 0:01:56]} 77. Ba7 {[%emt 0:00:04]} Kd3 {[%emt 0:00:04]} 78. Kg4 {[%emt 0:00:07]} Ke2 {[%emt 0:00:10]} 79. Kg3 {[%emt 0:00:19]} e4 {[%emt 0:00:06]} 0-1

[Event "CZE-ch Open 2019"]
[Site "Ostrava"]
[Date "2019.05.05"]
[Round "9.8"]
[White "Babula, Vlastimil"]
[Black "Miesbauer, Jan"]
[Result "1/2-1/2"]
[WhiteElo "2549"]
[BlackElo "2402"]
[Annotator "TA"]
[PlyCount "81"]
[EventDate "2019.04.27"]
[EventType "swiss"]
[EventCountry "CZE"]
[SourceTitle "playchess.com"]
[Source "ChessBase"]
[SourceQuality "1"]

{[%evp 20,81,52,55,57,52,79,28,45,31,47,27,38,25,35,43,31,0,8,0,0,0,0,0,0,-5,151,144,184,182,179,195,213,150,209,108,129,128,128,0,0,0,134,120,192,142,126,156,166,116,169,162,106,43,37,54,37,0,35,4,4,4,4,0]} 1. d4 Nf6 2. c4 g6 3. Nc3 Bg7 4. e4 d6 5. Nf3 O-O 6. Be2 e5 7. O-O Nbd7 8. Qc2 exd4 9. Nxd4 Re8 10. Be3 Nc5 11. f3 $1 c6 {E94: King's Indian: Classical: 6 Be2 e5 7 0-0: Various Black 7th moves} (11... Nh5 12. Rad1 Ne6 13. Nxe6 Bxe6 14. Qd2 Nf6 15. Rfe1 Nd7 16. Nb5 Ne5 17. b3 Nc6 18. Nc3 f5 19. exf5 Bxf5 {½-½ (30) Dvirnyy,D (2534)-Swayams,M (2432) Seville 2018}) 12. Qd2 Qe7 $146 ({Predecessor:} 12... Re5 13. Rad1 Rh5 14. b4 Na6 {1-0 (67) Nilsen,N-Mikalsen,O Alta 2001}) 13. Nc2 (13. b4 $16) 13... Nfd7 {White has an edge.} 14. Rfe1 a5 15. Bf1 a4 16. Bd4 Be5 17. f4 Bxd4+ 18. Qxd4 Nf6 {[%cal Rf6e4]} 19. Bd3 Ng4 20. Be2 $1 Qh4 21. Bxg4 $1 Bxg4 22. Qxd6 b6 $2 (22... Ne6 $1 $11 23. Qd2 Rad8) 23. Qxc6 $16 {Hoping for Nd5.} Rac8 24. Qxb6 Re6 25. Qb5 ({Wrong is} 25. Qa7 $2 Ra6 $19) 25... g5 26. fxg5 (26. Nxa4 $2 Rh6 $19) 26... Re5 (26... Qxg5 $16 27. Re3 (27. Nxa4 Rg6 $15) 27... f5 28. Nxa4 Nxa4) 27. g3 (27. Re3 $18) 27... Qxg5 {White must now prevent ...Qd2.} 28. Nd5 Nxe4 {[#]} 29. Nd4 (29. Qb4 $1 $16) 29... Kh8 $11 30. Qb4 Rg8 (30... Nxg3 $11 {remains equal.} 31. hxg3 Bf3) 31. Qa3 h5 ({Not} 31... Qd2 $2 32. Qe3 $18) (31... Qg7 $16) 32. Qe3 {Nc6 is the strong threat.} Qg7 33. Nc6 Re6 {[#] aiming for ...Ng5.} 34. Qd4 Rxc6 (34... Nxg3 $16 35. hxg3 Rxc6 36. Qxg7+ Rxg7) 35. Rxe4 $18 {Strongly threatening Ne7.} Rb8 36. Rf1 (36. Qe3 $16) 36... Qxd4+ $14 37. Rxd4 Rxb2 38. Nf6 Re6 39. Rd8+ Kg7 40. Rg8+ Kh6 41. Rh8+ {Accuracy: White = 50%, Black = 57%.} 1/2-1/2

[Event "CZE-ch Open 2019"]
[Site "Ostrava"]
[Date "2019.05.05"]
[Round "9.9"]
[White "Kriebel, Tadeas"]
[Black "Riha, Vojtech"]
[Result "1-0"]
[WhiteElo "2514"]
[BlackElo "2288"]
[Annotator "TA"]
[PlyCount "115"]
[EventDate "2019.04.27"]
[EventType "swiss"]
[EventCountry "CZE"]
[SourceTitle "playchess.com"]
[Source "ChessBase"]
[SourceQuality "1"]

{[%evp 9,115,31,34,30,33,-9,31,42,42,43,51,30,34,-106,44,35,54,47,50,48,47,29,55,52,62,41,44,35,72,61,66,54,56,58,83,75,75,75,93,92,98,96,93,87,94,102,100,93,95,104,274,268,297,152,268,276,279,260,254,272,329,328,733,733,733,733,716,686,682,743,748,711,641,741,739,731,693,633,726,668,1110,848,791,480,29965,29966,29954,480,29957,29970,29972,12798,12793,5423,29987,29988,29990,29991,29992,29992,29992,29993,29993,29993,29993,29994,29994,29995]} 1. e4 c5 2. Nf3 Nc6 3. Nc3 Nf6 4. Bb5 g6 5. h3 Bg7 (5... Nd4 6. e5 Nh5 7. Bc4 d6 8. exd6 Qxd6 9. d3 Bg7 10. Ne4 Qc7 11. c3 Ne6 12. Be3 O-O 13. O-O {½-½ (22) Movsesian,S (2677)-Salgado Lopez,I (2627) Linares 2017}) 6. e5 {B30: Sicilian: 2...Nc6 3 Bb5, lines without ...g6} Ng8 7. O-O (7. Bxc6 $5 dxc6 8. O-O $14) 7... Nh6 8. d4 {White is slightly better.} cxd4 9. Nxd4 Nxe5 $146 ({Predecessor:} 9... O-O 10. Nf3 d6 11. exd6 Qxd6 12. Qxd6 exd6 13. Nd5 {1-0 (29) Ibarra Jerez,J (2510)-Escudero Manzano,A (2267) Roquetas de Mar 2014}) 10. Re1 $1 {[%cal Re1e5] And now Rxe5 would win.} Nc6 11. Nd5 (11. Bg5 $1 $14 {stays ahead.} Nxd4 12. Bxe7 Qxe7 13. Nd5 {[%mdl 64] Pin}) 11... O-O (11... e6 $17 12. Be3 O-O) 12. Nxc6 dxc6 13. Nxe7+ Kh8 14. Nxc8 Rxc8 15. Bd3 f5 16. Bf4 Ng8 17. Bc4 Qb6 18. Bb3 Rfe8 19. c3 Nf6 20. Qd3 Ne4 21. Qe3 Qxe3 22. Bxe3 a6 23. Rad1 Rcd8 24. Bb6 Rxd1 25. Rxd1 Nf6 26. Bf7 Rf8 27. Be6 Re8 28. Rd8 Rxd8 29. Bxd8 $16 {[%mdl 4096] Endgame KBB-KBN} Nd5 $2 (29... Ne4 $16) 30. Bc8 $18 b5 31. a3 ({Only move:} 31. Bxa6 $18 b4 32. cxb4) 31... Nf4 (31... Kg8 $16 32. Bb7 (32. Bxa6 Kf7 $16) 32... Nf4) 32. Bxa6 Nd3 {[#]} 33. a4 $1 {[%mdl 512]} Nxb2 {[#]} (33... bxa4 34. Bxd3) 34. a5 $1 {Strongly threatening Bb7.} ({Weaker is} 34. axb5 cxb5 35. Bxb5 Bxc3 $14) 34... Bxc3 {[#] Black wants to play ...Nc4.} 35. Bxb5 $1 {[%mdl 576] Clearance, Promotion} cxb5 $2 (35... Kg7) 36. a6 Bd4 {[#]} 37. Bf6+ $1 {[%mdl 576] Deflection, Promotion} Bxf6 38. a7 Nc4 {White must now prevent ...Nb6.} 39. a8=Q+ Kg7 40. Qb7+ Kg8 41. Qxb5 Ne5 42. f4 Nf7 43. Kf2 Kg7 44. Qd7 h5 45. Ke3 Kg8 46. Kd3 Kg7 (46... Bh8 $18 47. g4 fxg4 48. hxg4 hxg4 49. Qxg4 Kg7) 47. Kc4 Kg8 48. Kd5 (48. Qc6 $142 Kg7 49. Kd5 Nd8 50. Qd7+ Kg8 51. g3 Kh8 52. g4 {[%mdl 64] Overworked Piece} hxg4 53. hxg4 fxg4 54. Ke4) 48... Nd8 (48... Bh8 $18 49. g4 hxg4 50. hxg4 fxg4 51. Qxg4 Kh7) 49. Kd6 Kh8 50. Qa7 (50. Qc7 $142 Kg8 51. Kd7 Kf7 52. g3 g5 53. fxg5 Bxg5 54. Qc2 Kg6 55. g4 hxg4 56. hxg4) 50... Kg8 51. Qc7 (51. Kd7 $142 Kf8 52. Qc5+ Kf7 53. Qd5+ Kg7 54. Ke8 g5 55. fxg5 Bxg5 56. Qxf5) 51... Kh8 52. Kd7 {White mates.} Kg8 53. Ke8 Bh4 {[#]} 54. g3 $1 Bf6 (54... Bxg3 55. Qxd8) 55. h4 Kh8 56. Qa7 Kg8 57. Qd7 Kh8 58. Kf8 {Accuracy: White = 71%, Black = 41%.} 1-0